[Event "IECG L1.2000.0.00008 email"]
[Site "IECG email"]
[Date "2000.01.12"]
[Round "?"]
[White "Brugnoli, Paolo"]
[Black "Nava Baro, Enrique"]
[Result "1-0"]
[WhiteElo "1886"]
[BlackElo "2118"]
[PlyCount "111"]
[EventDate "2000.01.12"]
[EventType "tourn (corr)"]
[EventRounds "14"]
[SourceTitle "Corr 2008"]
[Source "ChessBase"]
[SourceDate "2008.06.24"]
[SourceVersion "1"]
[SourceVersionDate "2008.06.24"]
[SourceQuality "1"]

1. c4 c6 2. g3 d5 3. Bg2 e5 4. d4 dxc4 5. dxe5 Qa5+ 6. Nc3 Qxe5 7. Nf3 Qd6 8. 0-0 Nf6 9. Qc2 Na6 10. Rd1 Nb4 11. Qa4 Nfd5 12. Nxd5 Nxd5 13. Qxc4 Be6 14. Qd4 Qc5 15. a3 Qxd4 16. Nxd4 Bg4 17. Bxd5 cxd5 18. Nb5 Rc8 19. Bf4 f6 20. Rxd5 Rc2 21. Rd2 Rxd2 22. Bxd2 a6 23. Nc3 Kf7 24. Rc1 Bd6 25. f3 Be6 26. Ne4 Be5 27. Bc3 Rc8 28. Rd1 Bb8 29. h4 Bf5 30. Nd6+ Bxd6 31. Rxd6 Rc6 32. Rd2 Ke6 33. e4 Bg6 34. Kf2 Rd6 35. Rc2 Be8 36. Bb4 Ba4 37. Rc8 Rd7 38. h5 g6 39. Bc3 Bb5 40. hxg6 hxg6 41. Rf8 Rf7 42. Rg8 g5 43. Ke3 Bc6 44. Rg6 Ke7 45. b3 Bd7 46. e5 fxe5 47. Rxg5 Rf5 48. Rxf5 Bxf5 49. Bxe5 a5 50. g4 Bc2 51. b4 axb4 52. axb4 Bd1 53. Kf4 Ke6 54. Bc3 Be2 55. Kg3 Bd1 56. f4 1-0

[Event "IECG L1.2000.0.00008 email"]
[Site "IECG email"]
[Date "2000.01.12"]
[Round "?"]
[White "Saint Amour, Philippe"]
[Black "Brugnoli, Paolo"]
[Result "0-1"]
[WhiteElo "2006"]
[BlackElo "1886"]
[PlyCount "90"]
[EventDate "2000.01.12"]
[EventType "tourn (corr)"]
[EventRounds "14"]
[SourceTitle "Corr 2008"]
[Source "ChessBase"]
[SourceDate "2008.06.24"]
[SourceVersion "1"]
[SourceVersionDate "2008.06.24"]
[SourceQuality "1"]

1. d4 Nf6 2. Nc3 d5 3. Bg5 Nbd7 4. Nf3 c6 5. e3 g6 6. Bd3 Bg7 7. 0-0 0-0 8. Re1 Re8 9. Qd2 e5 10. e4 exd4 11. Nxd5 cxd5 12. e5 Nxe5 13. Nxe5 Qb6 14. Qf4 Rf8 15. Nf3 Nh5 16. Qh4 Bd7 17. g4 Nf6 18. Ne5 Bc8 19. f3 Nd7 20. Nxd7 Bxd7 21. b4 Rfe8 22. Bd2 Bb5 23. a4 Bxd3 24. cxd3 Qc6 25. Rec1 Qd6 26. Re1 Rxe1+ 27. Qxe1 Qd7 28. Qd1 Re8 29. b5 Be5 30. Bg5 f6 31. Bh4 h5 32. Ra2 g5 33. Bf2 Qh7 34. Be1 hxg4 35. fxg4 Bf4 36. Rg2 Re3 37. Qc1 Qxd3 38. Bd2 Qe4 39. Qc8+ Qe8 40. Qxe8+ Rxe8 41. Bxf4 gxf4 42. Rd2 Re4 43. Kf2 Kf7 44. h4 Kg6 45. Kf3 f5 0-1

[Event "IECG WC.2002.S.00010 email"]
[Site "IECG email"]
[Date "2000.??.??"]
[Round "?"]
[White "Brugnoli, Paolo"]
[Black "Petrovic, Djordje R"]
[Result "0-1"]
[WhiteElo "1904"]
[BlackElo "2056"]
[PlyCount "68"]
[EventDate "2000.03.10"]
[EventType "tourn (corr)"]
[EventRounds "8"]
[SourceTitle "Corr 2008"]
[Source "ChessBase"]
[SourceDate "2008.06.24"]
[SourceVersion "1"]
[SourceVersionDate "2008.06.24"]
[SourceQuality "1"]

1. c4 g6 2. d4 Nf6 3. Nc3 Bg7 4. e4 d6 5. Nf3 0-0 6. Be2 e5 7. 0-0 Nc6 8. d5 Ne7 9. b4 Nh5 10. Re1 a5 11. Ba3 Nf4 12. Bf1 Bg4 13. Re3 axb4 14. Bxb4 f5 15. h3 Bh5 16. Qb3 Bh6 17. Ne1 g5 18. g3 Nfg6 19. c5 g4 20. Rd3 Kh8 21. exf5 Nxf5 22. Nc2 gxh3 23. Bxh3 Nfh4 24. cxd6 cxd6 25. Ne1 Nf4 26. gxf4 Rxf4 27. Qb2 Qb6 28. Ba3 Rg8+ 29. Kf1 Qa6 30. Nb5 Rgf8 31. Nxd6 Rxf2+ 32. Qxf2 Rxf2+ 33. Kxf2 Bd2 34. Rxd2 Qxa3 0-1

[Event "IECG WC.2002.S.00010 email"]
[Site "IECG email"]
[Date "2000.??.??"]
[Round "?"]
[White "Hage, Henk H"]
[Black "Brugnoli, Paolo"]
[Result "1-0"]
[WhiteElo "2282"]
[BlackElo "1904"]
[PlyCount "55"]
[EventDate "2000.03.10"]
[EventType "tourn (corr)"]
[EventRounds "8"]
[SourceTitle "Corr 2008"]
[Source "ChessBase"]
[SourceDate "2008.06.24"]
[SourceVersion "1"]
[SourceVersionDate "2008.06.24"]
[SourceQuality "1"]

1. e4 c5 2. Nf3 e6 3. d4 cxd4 4. Nxd4 Nc6 5. Nc3 Qc7 6. Be3 a6 7. Bd3 Nf6 8. 0-0 Ne5 9. h3 Bc5 10. Qe2 d6 11. f4 Ng6 12. Qf2 0-0 13. Kh1 Re8 14. Rad1 b6 15. f5 Ne5 16. Bg5 Nfd7 17. fxe6 fxe6 18. Bc4 Bxd4 19. Rxd4 Bb7 20. Bb3 Nc5 21. Qg3 Rf8 22. Rfd1 Nf7 23. Bf6 Nh6 24. Rxd6 Bxe4 25. Be5 Nf5 26. Qg4 Ne3 27. Qg5 Bxg2+ 28. Kh2 1-0

[Event "IECG CM.2000.0.00115"]
[Site "IECG email"]
[Date "2000.??.??"]
[Round "?"]
[White "Kaufmann, Michael"]
[Black "Brugnoli, Paolo"]
[Result "1-0"]
[WhiteElo "2027"]
[BlackElo "1969"]
[PlyCount "39"]
[EventDate "2000.08.20"]
[EventType "tourn (corr)"]
[EventRounds "6"]
[SourceTitle "Corr 2008"]
[Source "ChessBase"]
[SourceDate "2008.06.24"]
[SourceVersion "1"]
[SourceVersionDate "2008.06.24"]
[SourceQuality "1"]

1. d4 Nf6 2. c4 e6 3. Nf3 Bb4+ 4. Bd2 a5 5. g3 d6 6. Bg2 Nbd7 7. 0-0 e5 8. e3 Bxd2 9. Qxd2 0-0 10. Nc3 Qe7 11. Rfd1 Nb6 12. c5 dxc5 13. Nxe5 Rd8 14. Rac1 c6 15. Qc2 cxd4 16. exd4 Be6 17. b3 Nbd5 18. Na4 Re8 19. Nc5 Nb4 20. Qd2 1-0

[Event "IECG FI.1999.0.00002 Jim Krepp mem II"]
[Site "IECG email"]
[Date "1999.06.01"]
[Round "?"]
[White "Brugnoli, Paolo"]
[Black "Massimini Gerbino, Massimiliano"]
[Result "0-1"]
[WhiteElo "1858"]
[BlackElo "1990"]
[PlyCount "26"]
[EventDate "1999.06.01"]
[EventType "tourn (corr)"]
[EventRounds "12"]
[SourceTitle "Corr 2008"]
[Source "ChessBase"]
[SourceDate "2008.06.24"]
[SourceVersion "1"]
[SourceVersionDate "2008.06.24"]
[SourceQuality "1"]

1. e4 e5 2. Nf3 Nc6 3. Bb5 a6 4. Ba4 Nf6 5. 0-0 Nxe4 6. d4 b5 7. Bb3 d5 8. dxe5 Be6 9. Qe2 Be7 10. Rd1 0-0 11. c4 bxc4 12. Bxc4 Qd7 13. Be3 Rfb8 0-1

[Event "IECG C1.1998.0.00168"]
[Site "IECG email"]
[Date "1999.03.27"]
[Round "?"]
[White "Brugnoli, Paolo"]
[Black "Rokitta, Norbert"]
[Result "0-1"]
[WhiteElo "1792"]
[BlackElo "1823"]
[PlyCount "64"]
[EventDate "1998.11.18"]
[EventType "tourn (corr)"]
[EventRounds "6"]
[SourceTitle "Corr 2008"]
[Source "ChessBase"]
[SourceDate "2008.06.24"]
[SourceVersion "1"]
[SourceVersionDate "2008.06.24"]
[SourceQuality "1"]

1. d4 Nf6 2. c4 e6 3. Nc3 Bb4 4. f3 d5 5. a3 Bxc3+ 6. bxc3 c6 7. e3 b6 8. cxd5 cxd5 9. Bd3 0-0 10. Ne2 Ba6 11. Bc2 Nc6 12. 0-0 Rc8 13. Re1 Na5 14. Bd3 Bxd3 15. Qxd3 Qd7 16. Rb1 Qc6 17. Qb5 Qxb5 18. Rxb5 h5 19. a4 Rfd8 20. Ba3 Rd7 21. Kf2 g6 22. Ra1 Nc4 23. h4 Re8 24. Bc1 Kg7 25. g3 Rc7 26. Rb4 e5 27. dxe5 Rxe5 28. Nd4 Re8 29. Rab1 Rcc8 30. Ne2 Nd7 31. Ra1 Nce5 32. Nf4 Rxc3 0-1

[Event "IECG C1.1998.0.00168"]
[Site "IECG email"]
[Date "1999.01.14"]
[Round "?"]
[White "Brugnoli, Paolo"]
[Black "Starace, Umberto"]
[Result "0-1"]
[WhiteElo "1792"]
[BlackElo "2113"]
[PlyCount "76"]
[EventDate "1998.11.18"]
[EventType "tourn (corr)"]
[EventRounds "6"]
[SourceTitle "Corr 2008"]
[Source "ChessBase"]
[SourceDate "2008.06.24"]
[SourceVersion "1"]
[SourceVersionDate "2008.06.24"]
[SourceQuality "1"]

1. e4 c5 2. Nf3 d6 3. d4 cxd4 4. Nxd4 Nf6 5. Nc3 g6 6. Be3 Bg7 7. f3 0-0 8. Qd2 Nc6 9. 0-0-0 d5 10. Qe1 e6 11. h4 Re8 12. Nb3 Qc7 13. Nb5 Qb8 14. Bc5 Rd8 15. g4 b6 16. Be3 dxe4 17. Rxd8+ Nxd8 18. g5 Nh5 19. fxe4 Ng3 20. Rg1 Nxe4 21. h5 Bb7 22. Bd3 a6 23. Na3 Bd5 24. Nc4 Nc5 25. Bxc5 bxc5 26. Rf1 Qc7 27. Kb1 Rb8 28. Qh4 Nc6 29. c3 Ne5 30. Nxe5 Bxe5 31. c4 Bg2 32. Rg1 Bf3 33. hxg6 hxg6 34. Rf1 Bh5 35. Qe4 a5 36. Rf2 a4 37. Nc1 Bd4 38. Rc2 Bd1 0-1

[Event "IECG C1.1998.0.00168"]
[Site "IECG email"]
[Date "1999.01.14"]
[Round "?"]
[White "Richard, Phil"]
[Black "Brugnoli, Paolo"]
[Result "1/2-1/2"]
[WhiteElo "2040"]
[BlackElo "1792"]
[PlyCount "81"]
[EventDate "1998.11.18"]
[EventType "tourn (corr)"]
[EventRounds "6"]
[SourceTitle "Corr 2008"]
[Source "ChessBase"]
[SourceDate "2008.06.24"]
[SourceVersion "1"]
[SourceVersionDate "2008.06.24"]
[SourceQuality "1"]

1. e4 e6 2. d4 d5 3. Nd2 Nf6 4. Bd3 c5 5. e5 Nfd7 6. c3 Nc6 7. Ne2 Qb6 8. Nf3 cxd4 9. cxd4 f6 10. exf6 Nxf6 11. 0-0 Bd6 12. Nc3 0-0 13. Be3 Bd7 14. a3 Be8 15. Qc2 h6 16. Rfe1 Bh5 17. Nb5 Bb8 18. Ne5 a6 19. Nxc6 bxc6 20. Nc3 Ng4 21. g3 Ba7 22. Rac1 e5 23. Na4 Qc7 24. Qxc6 Qxc6 25. Rxc6 Nxe3 26. fxe3 exd4 27. Nb6 Bxb6 28. Rxb6 Rae8 29. e4 dxe4 30. Rxe4 Rxe4 31. Bxe4 Be2 32. Bd5+ Kh7 33. Rd6 Rf1+ 34. Kg2 Rd1 35. Kf2 Rd2 36. Ke1 Rxb2 37. Be4+ Kg8 38. Rxd4 Kf8 39. Rd2 Rxd2 40. Kxd2 Bb5 41. Kc3 1/2-1/2

[Event "IECG WC.2002.P.00008 email"]
[Site "IECG email"]
[Date "1999.??.??"]
[Round "?"]
[White "Brugnoli, Paolo"]
[Black "Chester, Ian"]
[Result "1-0"]
[WhiteElo "1843"]
[BlackElo "1150"]
[PlyCount "41"]
[EventDate "1999.02.21"]
[EventType "tourn (corr)"]
[EventRounds "8"]
[SourceTitle "Corr 2008"]
[Source "ChessBase"]
[SourceDate "2008.06.24"]
[SourceVersion "1"]
[SourceVersionDate "2008.06.24"]
[SourceQuality "1"]

1. d4 Nf6 2. c4 g6 3. Nc3 d5 4. Nf3 Bg7 5. Qb3 dxc4 6. Qxc4 0-0 7. e4 Na6 8. Be2 c5 9. d5 e6 10. 0-0 exd5 11. exd5 Re8 12. Rd1 Bf5 13. d6 h6 14. Bf4 Ne4 15. Be3 Nxc3 16. bxc3 Be4 17. Rac1 Re6 18. Qa4 Rxd6 19. Qxe4 Rxd1+ 20. Rxd1 Qb6 21. Rb1 1-0

[Event "IECG WC.2002.P.00008 email"]
[Site "IECG email"]
[Date "1999.??.??"]
[Round "?"]
[White "Brugnoli, Paolo"]
[Black "Sidenko, Anatoly Viktorovich"]
[Result "1-0"]
[WhiteElo "1843"]
[BlackElo "2132"]
[PlyCount "105"]
[EventDate "1999.02.21"]
[EventType "tourn (corr)"]
[EventRounds "8"]
[SourceTitle "Corr 2008"]
[Source "ChessBase"]
[SourceDate "2008.06.24"]
[SourceVersion "1"]
[SourceVersionDate "2008.06.24"]
[SourceQuality "1"]

1. e4 d6 2. d4 c6 3. Nc3 Qc7 4. f4 f6 5. Nf3 Bg4 6. h3 Bh5 7. d5 Nd7 8. Be2 c5 9. 0-0 a6 10. a4 Bf7 11. a5 g6 12. Be3 Bg7 13. Qd2 h6 14. Nh4 Rb8 15. Kh1 Rh7 16. Bg1 Bh8 17. Na4 g5 18. Nf5 Bg6 19. Bh2 Kd8 20. b3 Bg7 21. Nb2 Bh8 22. Nc4 Bxf5 23. exf5 gxf4 24. Bxf4 Ne5 25. Bh5 Rg7 26. Nb6 Nd7 27. Nxd7 Qxd7 28. Rae1 Rc8 29. Bg6 Qb5 30. Re2 Kd7 31. Rfe1 Qb4 32. Qxb4 cxb4 33. Be3 Rc7 34. Rf1 Kc8 35. Rf4 Kb8 36. Rxb4 Rc8 37. c4 Rd8 38. Rb6 Rc8 39. Rc2 h5 40. b4 h4 41. b5 axb5 42. Rxb5 e5 43. dxe6 Ne7 44. a6 Nxg6 45. fxg6 Re8 46. Rcb2 Rxe6 47. Rxb7+ Rxb7 48. Rxb7+ Ka8 49. Bf2 Re8 50. g7 Bxg7 51. Rxg7 Rh8 52. Rd7 f5 53. Rxd6 1-0

[Event "IECG WC.2002.P.00008 email"]
[Site "IECG email"]
[Date "1999.??.??"]
[Round "?"]
[White "Schipmann, Torsten"]
[Black "Brugnoli, Paolo"]
[Result "1/2-1/2"]
[WhiteElo "2209"]
[BlackElo "1843"]
[PlyCount "84"]
[EventDate "1999.02.21"]
[EventType "tourn (corr)"]
[EventRounds "8"]
[SourceTitle "Corr 2008"]
[Source "ChessBase"]
[SourceDate "2008.06.24"]
[SourceVersion "1"]
[SourceVersionDate "2008.06.24"]
[SourceQuality "1"]

1. e4 c5 2. Nf3 Nc6 3. d4 cxd4 4. Nxd4 e6 5. Nc3 Qc7 6. Be2 a6 7. 0-0 Nf6 8. Be3 Bb4 9. Na4 0-0 10. Nxc6 bxc6 11. c4 Bd6 12. f4 Nxe4 13. Bd3 Nf6 14. Nb6 Rb8 15. c5 Be7 16. Qc2 h6 17. Bd4 Nd5 18. Nxd5 cxd5 19. Rac1 f6 20. a3 a5 21. Rf3 d6 22. Bh7+ Kh8 23. cxd6 Qxc2 24. Bxc2 Bxd6 25. Ba4 Rd8 26. Rc6 Ra8 27. Kf2 Kg8 28. g3 e5 29. fxe5 Bxe5 30. Bb6 Bd7 31. Bxd8 Rxd8 32. Rd3 Bxc6 33. Bxc6 Bxb2 34. Rxd5 Rc8 35. Ba4 Bxa3 36. Rxa5 Bc5+ 37. Kf3 Kf7 38. Bb3+ Ke7 39. Ra2 g6 40. Ra6 Bd4 41. Ke4 Be5 42. Ra7+ Rc7 1/2-1/2

[Event "IECG CP.1998.P.00011"]
[Site "IECG email"]
[Date "1998.??.??"]
[Round "?"]
[White "Brugnoli, Paolo"]
[Black "Tinture, Laurent"]
[Result "1/2-1/2"]
[WhiteElo "1773"]
[BlackElo "2367"]
[PlyCount "142"]
[EventDate "1998.10.01"]
[EventType "tourn (corr)"]
[EventRounds "6"]
[EventCountry "AZE"]
[SourceTitle "Corr 2008"]
[Source "ChessBase"]
[SourceDate "2008.06.24"]
[SourceVersion "1"]
[SourceVersionDate "2008.06.24"]
[SourceQuality "1"]

1. d4 Nf6 2. c4 g6 3. Nc3 d5 4. Nf3 Bg7 5. cxd5 Nxd5 6. e4 Nxc3 7. bxc3 c5 8. Rb1 0-0 9. Be2 b6 10. 0-0 Bb7 11. Qc2 cxd4 12. cxd4 e6 13. Ba3 Qc8 14. Qa4 Bc6 15. Bb5 Bxe4 16. Rbc1 Qd8 17. Bxf8 Bxf8 18. Ne5 a6 19. Be2 Bh6 20. f4 Bd5 21. Bf3 b5 22. Qd1 Bxf3 23. Qxf3 Ra7 24. Qc3 Bf8 25. Rfd1 Re7 26. Qc8 Re8 27. Qxd8 Rxd8 28. Rc7 Bd6 29. Rb7 Bxe5 30. fxe5 Nc6 31. Rf1 Rf8 32. Rd7 Nb4 33. a3 Nd5 34. Ra7 Ne3 35. Rb1 Rd8 36. Rxa6 Rxd4 37. Rxb5 Rd2 38. g3 Rg2+ 39. Kh1 Re2 40. h4 Nf5 41. Rb3 Rxe5 42. Ra7 Re2 43. a4 Ra2 44. a5 e5 45. Kg1 e4 46. Rb8+ Kg7 47. a6 Kh6 48. Rba8 Kh5 49. Rxf7 Kg4 50. a7 Nxg3 51. Rf2 Ra1+ 52. Kg2 e3 53. Rb2 Nf5 54. Rb4+ Kh5 55. Kf3 Ra2 56. Rb1 Rf2+ 57. Ke4 Ra2 58. Kf3 h6 59. Rg1 Ra3 60. Kf4 Nxh4 61. Kg3 g5 62. Re1 Ra2 63. Rg1 Nf5+ 64. Kf3 Rf2+ 65. Ke4 Rf4+ 66. Ke5 Nh4 67. Rxg5+ hxg5 68. Rh8+ Kg4 69. Rxh4+ Kxh4 70. a8Q e2 71. Qh1+ Kg3 1/2-1/2

[Event "IECG CP.1998.P.00011"]
[Site "IECG email"]
[Date "1998.??.??"]
[Round "?"]
[White "De Vera, Danny"]
[Black "Brugnoli, Paolo"]
[Result "0-1"]
[WhiteElo "999"]
[BlackElo "1773"]
[PlyCount "106"]
[EventDate "1998.10.01"]
[EventType "tourn (corr)"]
[EventRounds "6"]
[EventCountry "AZE"]
[SourceTitle "Corr 2008"]
[Source "ChessBase"]
[SourceDate "2008.06.24"]
[SourceVersion "1"]
[SourceVersionDate "2008.06.24"]
[SourceQuality "1"]

1. e4 c5 2. c3 Nf6 3. e5 Nd5 4. d4 cxd4 5. cxd4 e6 6. Nf3 b6 7. Bd3 Bb4+ 8. Bd2 Bxd2+ 9. Nbxd2 Ba6 10. Ne4 0-0 11. 0-0 Bxd3 12. Qxd3 Qe7 13. Rac1 Nc6 14. Nd6 f6 15. Qe2 Nf4 16. Qd1 Nd5 17. Nc4 Rac8 18. a3 Nd8 19. Re1 Nf7 20. Qa4 Nf4 21. Rc2 d5 22. exd6 Nxd6 23. Nxd6 Rxc2 24. Qxc2 Qxd6 25. Qe4 Re8 26. Qb7 g5 27. h3 Re7 28. Qa8+ Kg7 29. Qe4 Rc7 30. h4 g4 31. g3 Nh3+ 32. Kg2 f5 33. Qxe6 Qxe6 34. Rxe6 Rc2 35. Ng5 Rxf2+ 36. Kh1 Nxg5 37. hxg5 Rxb2 38. Re7+ Kg6 39. Rxa7 b5 40. d5 Rd2 41. Rd7 Kxg5 42. Rxh7 Rxd5 43. Rb7 f4 44. Rg7+ Kh5 45. gxf4 Kh4 46. Rc7 Kh3 47. Rc1 Rd3 48. Ra1 Rf3 49. Kg1 Rxf4 50. Rb1 Rc4 51. Re1 g3 52. Rb1 Rc2 53. Kh1 Ra2 0-1

[Event "IECG CP.1998.P.00011"]
[Site "IECG email"]
[Date "1998.??.??"]
[Round "?"]
[White "Efendiyev, Enver Mikhailovich"]
[Black "Brugnoli, Paolo"]
[Result "1/2-1/2"]
[WhiteElo "2100"]
[BlackElo "1773"]
[PlyCount "110"]
[EventDate "1998.10.01"]
[EventType "tourn (corr)"]
[EventRounds "6"]
[EventCountry "AZE"]
[SourceTitle "Corr 2008"]
[Source "ChessBase"]
[SourceDate "2008.06.24"]
[SourceVersion "1"]
[SourceVersionDate "2008.06.24"]
[SourceQuality "1"]

1. e4 e6 2. d4 d5 3. Nc3 Bb4 4. e5 c5 5. a3 Bxc3+ 6. bxc3 Ne7 7. Qg4 0-0 8. Bd3 f5 9. exf6 Rxf6 10. Nf3 e5 11. Bxh7+ Kxh7 12. Qh5+ Kg8 13. Bg5 Rf8 14. Nxe5 Qe8 15. Qxe8 Rxe8 16. 0-0-0 cxd4 17. Rhe1 Bf5 18. c4 Nec6 19. Nxc6 Nxc6 20. Rxe8+ Rxe8 21. cxd5 Ne5 22. Rxd4 Rc8 23. Rd2 Nc4 24. Re2 Rc5 25. Re8+ Kf7 26. Re7+ Kg6 27. h4 Nxa3 28. d6 Rxc2+ 29. Kd1 Rxf2 30. d7 Bg4+ 31. Ke1 Rf8 32. Bc1 Nc2+ 33. Kd2 Nb4 34. Bb2 Rf2+ 35. Ke3 Re2+ 36. Kf4 Nc6 37. Rxg7+ Kh6 38. Bc3 Rc2 39. Ba1 Ra2 40. Bc3 Ra4+ 41. Ke3 b5 42. Rf7 Kh5 43. Rh7+ Kg6 44. Rg7+ Kf5 45. Rg8 Ra3 46. Kd2 Ra2+ 47. Kc1 Rxg2 48. Rc8 Ke4 49. Rxc6 Bxd7 50. Rd6 Bg4 51. Rd4+ Ke3 52. Rd2 Rg1+ 53. Kb2 Rh1 54. Rd6 Rxh4 55. Bd4+ Ke2 1/2-1/2